Statistics for Ligue 1 2021-22 First XI

Click here to take the quiz!

General Stats

  • This quiz has been taken 240 times
  • The average score is 83 of 220

Answer Stats

TeamPositionPlayer% Correct
NantesMF Roli Pereira de Sa
93%
LilleFW Jonathan David
89%
Paris Saint-GermainGK Keylor Navas
89%
Paris Saint-GermainDF Achraf Hakimi
88%
Paris Saint-GermainFW Kylian Mbappé
88%
LyonGK Anthony Lopes
86%
Paris Saint-GermainMF Julian Draxler
84%
LyonFW Karl Toko-Ekambi
83%
Paris Saint-GermainDF Presnel Kimpembe
83%
MarseilleGK Steve Mandanda
83%
LilleFW Burak Yılmaz
82%
Paris Saint-GermainDF Thilo Kehrer
80%
MonacoFW Kevin Volland
77%
Paris Saint-GermainMF Danilo Pereira
76%
LilleDF José Fonte
76%
Paris Saint-GermainDF Abdou Diallo
75%
MarseilleFW Cengiz Ünder
75%
Paris Saint-GermainMF Georginio Wijnaldum
75%
StrasbourgFW Habib Diallo
75%
LilleDF Zeki Çelik
75%
MonacoGK Alexander Nübel
74%
Paris Saint-GermainFW Mauro Icardi
73%
LyonFW Moussa Dembélé
73%
LensMF Seko Fofana
73%
LilleMF Jonathan Bamba
72%
MarseilleFW Dimitri Payet
71%
LyonDF Marcelo
71%
LilleDF Sven Botman
71%
NantesGK Alban Lafont
70%
MontpellierFW Andy Delort
70%
BordeauxGK Benoit Costil
70%
LilleMF Renato Sanches
70%
RennesDF Hamari Traoré
69%
AngersDF Ismaël Traoré
69%
NiceGK Walter Benítez
69%
Paris Saint-GermainMF Ander Herrera
68%
LilleMF Benjamin André
68%
Saint-EtienneFW Wahbi Khazri
68%
MarseilleMF Boubacar Kamara
67%
NiceDF Hassane Kamara
67%
LyonMF Houssem Aouar
67%
LilleMF Yusuf Yazıcı
67%
StrasbourgGK Matz Sels
66%
LyonMF Maxence Caqueret
66%
LyonMF Thiago Mendes
66%
MarseilleFW Konrad de la Fuente
65%
MarseilleMF Gerson
64%
LorientDF Houboulang Mendes
64%
LyonDF Léo Dubois
64%
RennesFW Martin Terrier
63%
AngersGK Paul Bernardoni
61%
AngersMF Sofiane Boufal
61%
NiceDF Youcef Atal
61%
MontpellierMF Gaëtan Laborde
59%
LensGK Jean-Louis Leca
59%
ReimsGK Pedrag Rajkovic
59%
NantesFW Randal Kolo Muani
59%
NiceDF Dante
58%
MarseilleMF Mattéo Guendouzi
58%
MonacoMF Aurélien Tchouaméni
56%
StrasbourgFW Ludovic Ajorque
56%
RennesGK Alfred Gomis
54%
LilleGK Léo Jardim
54%
MonacoFW Myron Boadu
54%
LyonDF Malo Gusto
53%
NantesDF Nicolas Pallois
53%
NiceFW Amine Gouiri
52%
LensDF Jonathan Clauss
52%
RennesFW Benjamin Bourigeaud
51%
MonacoDF Benoît Badiashile
51%
MetzGK Alexandre Oukidja
50%
MonacoDF Axel Disasi
50%
LyonDF Castello Lukeba
50%
Saint-EtienneMF Denis Bouanga
50%
LorientDF Jérémy Morel
50%
MarseilleDF Leonardo Balerdi
50%
AngersDF Romain Thomas
50%
MarseilleDF William Saliba
50%
BrestGK Marco Bizot
49%
RennesDF Nayef Aguerd
49%
NiceMF Justin Kluivert
48%
NantesFW Ludovic Blas
47%
LyonFW Rayan Cherki
47%
Saint-EtienneGK Etienne Green
46%
ClermontFW Mohamed Bayo
46%
MonacoDF Ruben Aguilar
46%
BrestFW Steve Mounié
46%
LensMF Gaël Kakuta
44%
MarseilleMF Pape Gueye
44%
ReimsDF Yunis Abdelhamid
44%
RennesDF Birger Meling
42%
MarseilleDF Luan Peres
42%
Saint-EtienneMF Mahdi Camara
42%
AngersFW Mohamed-Ali Cho
42%
AngersMF Thomas Mangani
42%
NiceDF Jean-Clair Todibo
41%
RennesFW Kamaldeen Sulemana
41%
LorientFW Terem Moffi
41%
MonacoMF Caio Henrique
40%
ReimsDF Wout Faes
39%
BordeauxDF Mexer
38%
MonacoMF Gelson Martins
36%
NiceMF Khéphren Thuram
36%
NantesFW Moses Simon
36%
BrestFW Romain Faivre
36%
NantesMF Andrei Girotto
35%
NantesDF Fábio
35%
NantesDF Jean-Charles Castelletto
35%
MonacoFW Sofiane Diop
35%
ReimsDF Thomas Foket
35%
AngersMF Angelo Fulgini
33%
LensMF Cheick Doucouré
33%
BordeauxDF Laurent Koscielny
33%
RennesMF Flavien Tait
32%
StrasbourgMF Adrien Thomasson
31%
MetzFW Ibrahima Niane
31%
MonacoMF Jean Lucas
31%
NiceMF Pablo Rosario
31%
BordeauxMF Yacine Adli
31%
ReimsDF Ghislain Konan
30%
StrasbourgDF Alexander Djiku
29%
LorientFW Armand Laurienté
29%
LorientMF Enzo Le Fée
29%
MontpellierMF Florent Mollet
29%
LorientGK Paul Nardi
29%
LilleDF Reinildo Mandava
29%
LensFW Ignatius Ganago
28%
RennesDF Loïc Badé
28%
MetzMF Pape Matar Sarr
28%
TroyesDF Issa Kaboré
27%
BordeauxFW Jimmy Briand
27%
MontpellierMF Jordan Ferri
27%
BordeauxMF Samuel Kalu
27%
ClermontMF Johan Gastien
25%
NantesMF Samuel Moutoussamy
25%
TroyesDF Youssouf Koné
25%
BrestMF Franck Honorat
24%
Saint-EtienneDF Harold Moukoudi
24%
StrasbourgMF Dimitri Liénard
23%
MetzDF Dylan Bronn
23%
RennesMF Eduardo Camavinga
22%
MetzDF Fabien Centonze
22%
LorientMF Laurent Abergel
22%
TroyesFW Yoann Touzghar
21%
BrestMF Haris Belkebla
20%
LorientDF Igor Silva
20%
AngersDF Souleyman Doumbia
20%
AngersDF Vincent Manceau
20%
LorientMF Fabien Lemoine
18%
MontpellierDF Nicolas Cozza
18%
MetzDF Thomas Delaine
18%
LensDF Deiver Machado
17%
MontpellierGK Dimitry Bertaud
17%
StrasbourgDF Ibrahima Sissoko
17%
BrestDF Jere Uronen
17%
MontpellierMF Joris Chotard
17%
MontpellierDF Junior Sambia
17%
BordeauxDF Loris Benito
17%
Saint-EtienneMF Adil Aouchiche
16%
ClermontGK Arthur Desmas
16%
BrestDF Brendan Chardonnet
16%
NantesDF Dennis Appiah
16%
MontpellierMF Elye Wahi
16%
BrestMF Irvin Cardona
16%
StrasbourgMF Jean-Ricner Bellegarde
16%
ClermontMF Jim Allevinah
16%
BordeauxMF Rémi Oudin
16%
TroyesMF Renaud Ripart
16%
BordeauxMF Toma Bašić
16%
ClermontDF Akim Zedadka
15%
ReimsDF Andreaw Gravillon
14%
StrasbourgDF Anthony Caci
14%
NiceFW Dan Ndoye
14%
BordeauxDF Enock Kwateng
14%
LorientDF Julien Laporte
14%
ReimsMF Marshall Munetsi
14%
LorientDF Vincent Le Goff
14%
AngersMF Jimmy Cabot
13%
ClermontMF Jodel Dossou
13%
ClermontMF Salis Abdul Samed
13%
ReimsMF Xavier Chavalerin
13%
TroyesGK Gauthier Gallon
12%
MetzMF Habib Maïga
12%
ReimsMF Mathieu Cafaro
12%
ReimsFW Nathanaël Mbuku
12%
LensDF Steven Fortes
12%
Saint-EtienneDF Timothée Kolodziejczak
12%
MetzDF Boubakar Kouyaté
11%
ClermontMF Jason Berthomier
11%
Saint-EtienneDF Yvann Maçon
11%
StrasbourgDF Karol Fila
10%
MontpellierDF Maxime Esteve
10%
LensDF Christopher Wooh
9%
BrestDF Lilian Brassier
9%
ClermontDF Cédric Hountondji
8%
ClermontDF Florent Ogier
8%
BrestDF Ronaël Pierre-Gabriel
8%
MontpellierDF Thuler
8%
ClermontDF Vital N'Simba
8%
StrasbourgMF Abdul Majeed Waris
7%
Saint-EtienneFW Charles Abi
7%
TroyesMF Florian Tardieu
7%
RennesMF Lesley Ugochukwu
7%
Saint-EtienneMF Zaydou Youssouf
7%
ReimsFW Kaj Sierhuis
6%
MetzDF Matthieu Udol
6%
Saint-EtienneDF Mickaël Nadé
6%
MetzFW Cheikh Sabaly
5%
TroyesDF Oualid El Hajjam
5%
BrestMF Hianga'a Mbock
4%
TroyesDF Jimmy Giraudon
4%
TroyesMF Rominigue Kouamé
4%
TroyesMF Dylan Chambost
3%
BordeauxMF Issouf Sissokho
3%
MetzMF Kévin N'Doram
3%
AngersMF Waniss Taïbi
3%
LensDF Ismaël Boura
2%
NiceMF Lucas Da Cunha
2%
LensFW Simon Banza
2%
TroyesDF Karim Azamoum
1%

Score Distribution

Percentile by Number Answered

Percent of People with Each Score

Your Score History

You have not taken this quiz